[Event "Liptovsky Mikulas CupT U20"]
[Site "Liptovsky Mikulas"]
[Date "2016.06.23"]
[Round "4.2"]
[White "Taragelova, Martina"]
[Black "Korcyl, Patryk"]
[Result "1/2-1/2"]
[WhiteElo "1656"]
[BlackElo "1527"]
[PlyCount "133"]
[EventDate "2016.06.21"]
[EventType "team-swiss"]
[EventRounds "8"]
[EventCountry "SVK"]
[SourceTitle "CBM 173 Extra"]
[Source "ChessBase"]
[SourceDate "2016.08.29"]
[SourceVersion "1"]
[SourceVersionDate "2016.08.29"]
[SourceQuality "1"]
[WhiteTeam "Liptov Chess School (U20) II"]
[BlackTeam "Krakow CC (U20)"]
[WhiteTeamCountry "SVK"]
[BlackTeamCountry "POL"]

1. e4 c5 2. Nf3 d6 3. Bb5+ Bd7 4. a4 Nf6 5. Nc3 a6 6. Bxd7+ Qxd7 7. 0-0 Nc6 8. Re1 Qc7 9. d3 e6 10. Bf4 Nh5 11. Bg5 h6 12. Be3 Nf6 13. d4 Rd8 14. d5 Na7 15. dxe6 fxe6 16. Qe2 Nc6 17. Rad1 Be7 18. Bf4 0-0 19. e5 Nd5 20. Nxd5 exd5 21. exd6 Bxd6 22. Qe6+ Kh8 23. Bxd6 Qxd6 24. Qxd6 Rxd6 25. Ne5 Nxe5 26. Rxe5 Rfd8 27. f3 Kg8 28. Rde1 b6 29. Kf2 d4 30. Re6 c4 31. Rxd6 Rxd6 32. Re8+ Kf7 33. Rc8 d3 34. cxd3 Rxd3 35. Rxc4 Rd2+ 36. Kg3 Rxb2 37. Re4 a5 38. Re1 Rb4 39. Re4 Kf6 40. Kg4 Rb2 41. Kg3 b5 42. axb5 Rxb5 43. Ra4 g5 44. f4 gxf4+ 45. Rxf4+ Ke5 46. Rh4 Kd5 47. Rxh6 Kc4 48. h4 a4 49. Ra6 Kb3 50. Kg4 a3 51. h5 a2 52. Rxa2 Kxa2 53. h6 Kb3 54. h7 Rb8 55. Kh5 Kc4 56. g4 Kd5 57. g5 Ke6 58. Kg6 Rc8 59. Kg7 Rc7+ 60. Kh6 Rc8 61. g6 Kf6 62. g7 Rc1 63. g8N+ Kf7 64. Nf6 Rh1+ 65. Nh5 Rxh5+ 66. Kxh5 Kg7 67. Kg5 1/2-1/2

[Event "POL-chT U19 46th"]
[Site "Ustron"]
[Date "2015.07.25"]
[Round "1.15"]
[White "Kosakowski, Jakub"]
[Black "Korcyl, Patryk"]
[Result "1-0"]
[WhiteElo "2149"]
[BlackElo "1342"]
[PlyCount "57"]
[EventDate "2015.07.25"]
[EventType "team-tourn"]
[EventRounds "9"]
[EventCountry "POL"]
[SourceTitle "EXT 2018"]
[Source "ChessBase"]
[SourceDate "2017.10.13"]
[SourceVersion "1"]
[SourceVersionDate "2017.10.13"]
[SourceQuality "1"]
[WhiteTeam "Bialystok MUKS Stoczek 45 U19"]
[BlackTeam "Krakow KKSz U19"]
[WhiteTeamCountry "POL"]
[BlackTeamCountry "POL"]

1. e4 c5 2. Nf3 d6 3. d4 cxd4 4. Nxd4 Nf6 5. Nc3 a6 6. Bg5 e6 7. f4 Be7 8. Qf3 h6 9. Bh4 Nc6 10. Bf2 0-0 11. 0-0-0 Qc7 12. Nb3 b5 13. a3 b4 14. axb4 Nxb4 15. Rd4 d5 16. exd5 Nbxd5 17. Rc4 Qd8 18. Bd3 Rb8 19. Rd1 Kh8 20. Ne4 Nxe4 21. Bxe4 Bb7 22. f5 Bd6 23. Kb1 Rc8 24. Nc5 Qe7 25. f6 gxf6 26. Qh3 f5 27. Qxh6+ Kg8 28. Bf3 Bxc5 29. Rh4 1-0

[Event "POL-chT U19 2nd League"]
[Site "Szczyrk"]
[Date "2014.08.02"]
[Round "11.76"]
[White "Setera, Mateusz"]
[Black "Korcyl, Patryk"]
[Result "1-0"]
[WhiteElo "1309"]
[BlackElo "1239"]
[PlyCount "83"]
[EventDate "2014.07.25"]
[EventType "team-swiss"]
[EventRounds "11"]
[EventCountry "POL"]
[SourceTitle "EXT 2015"]
[Source "ChessBase"]
[SourceDate "2014.11.20"]
[SourceVersion "1"]
[SourceVersionDate "2014.11.20"]
[SourceQuality "1"]
[WhiteTeam "Katowice UKS Palac Mlodziezy U19"]
[BlackTeam "Krakow KKSz U19 II"]
[WhiteTeamCountry "POL"]
[BlackTeamCountry "POL"]

1. d4 Nf6 2. c4 g6 3. Nc3 Bg7 4. e4 d6 5. Bg5 0-0 6. Be2 c5 7. d5 b5 8. cxb5 a6 9. f3 h6 10. Be3 Nfd7 11. Qd2 axb5 12. Bxh6 b4 13. Nd1 Ba6 14. h4 f6 15. h5 Qe8 16. Bxg7 Kxg7 17. Ne3 Rh8 18. h6+ Kh7 19. Nh3 Bxe2 20. Kxe2 Na6 21. g4 Nc7 22. g5 Nb5 23. f4 Nd4+ 24. Kf2 Ra7 25. Nc2 Nb5 26. a4 bxa3 27. bxa3 Qa8 28. Qd3 Nc7 29. Ng1 Rb8 30. Nf3 Rab7 31. Nd2 Qa7 32. Kf3 Qa4 33. Kf2 Rb2 34. Rac1 Nb6 35. Rhg1 Nb5 36. gxf6 exf6 37. Rxg6 Rxc2 38. Rg7+ Kxh6 39. Qh3+ Kxg7 40. Rg1+ Kf8 41. Qh8+ Ke7 42. Rg7# 1-0